<?xml version="1.0" encoding="UTF-8"?>
<marc:record xmlns:marc="http://www.loc.gov/MARC21/slim">
   <marc:leader>00000nam a2200000 a 4500</marc:leader>
   <marc:datafield ind1="1" ind2=" " tag="100">
      <marc:subfield code="a">Glass, Seressia</marc:subfield>
      <marc:subfield code="4">aut</marc:subfield>
      <marc:subfield code="e">Verfasser/-in</marc:subfield>
   </marc:datafield>
   <marc:datafield ind1="0" ind2="0" tag="245">
      <marc:subfield code="a">Entfesselte Begierde</marc:subfield>
   </marc:datafield>
   <marc:datafield ind1="0" ind2="0" tag="245">
      <marc:subfield code="b">Roman</marc:subfield>
   </marc:datafield>
   <marc:datafield ind1="0" ind2="0" tag="245">
      <marc:subfield code="c">Glass, Seressia</marc:subfield>
   </marc:datafield>
   <marc:datafield ind1=" " ind2="1" tag="264">
      <marc:subfield code="a">München</marc:subfield>
      <marc:subfield code="b">Knaur Verlag</marc:subfield>
      <marc:subfield code="c">2018</marc:subfield>
   </marc:datafield>
   <marc:datafield ind1="1" ind2=" " tag="490">
      <marc:subfield code="a">Sugar &amp; spice / Seressia Glass</marc:subfield>
      <marc:subfield code="v">Band 3</marc:subfield>
   </marc:datafield>
   <marc:datafield ind1="1" ind2=" " tag="520">
      <marc:subfield code="a">Sugar &amp;amp; Spice  Entfesselte Begierde ist der dritte Band einer neuen prickelnd sinnlichen Liebes-Roman-Reihe. Sexy, aufregend und intensiv erzählt Seressia Glass in der Sugar &amp;amp; Spice-Reihe von vier Freundinnen  Nadia, Siobhan, Audie und Vanessa  die Grund haben, ihre Vergangenheit zu fürchten  und entschlossen sind, ihre Zukunft mit allen Sinnen zu genießen und die Liebe zu feiern.&#xD;
&#xD;
Audie McNamara ist ein notorisches Party-Girl und für ihr wildes Sex-Leben bekannt. Als sie den gut aussehenden Rettungssanitäter José kennenlernt, ist sie hin- und hergerissen. Er ist wohlerzogen, charmant, aber für Audies Geschmack eigentlich zu harmlos, denn er scheint ganz der Traum aller Schwiegermütter zu sein. Zu Audies Entzücken stellt sie aber schnell fest, dass José auch seine wilde, dunkle Seite hat, die er im Bett mit ihr voll und ganz auslebt. Mit ihm kann sie ein Bad Girl sein und gleichzeitig zum ersten Mal in ihrem Leben ernsthaft über eine feste Beziehung nachdenken. Ihre Freundinnen Nadia, Siobhan und Vanessa ermutigen sie. Aber in Audies Gedanken spukt noch ein anderer Mann herum</marc:subfield>
   </marc:datafield>
   <marc:datafield ind1=" " ind2=" " tag="020">
      <marc:subfield code="a">9783426521847</marc:subfield>
      <marc:subfield code="9">9783426521847</marc:subfield>
   </marc:datafield>
   <marc:datafield ind1=" " ind2=" " tag="020">
      <marc:subfield code="a">3426521849</marc:subfield>
      <marc:subfield code="9">3426521849</marc:subfield>
   </marc:datafield>
   <marc:datafield ind1=" " ind2=" " tag="041">
      <marc:subfield code="a">ger</marc:subfield>
   </marc:datafield>
   <marc:datafield ind1="0" ind2=" " tag="490">
      <marc:subfield code="v">Band 3</marc:subfield>
   </marc:datafield>
   <marc:datafield ind1=" " ind2=" " tag="338">
      <marc:subfield code="a">Band</marc:subfield>
   </marc:datafield>
   <marc:datafield ind1=" " ind2=" " tag="300">
      <marc:subfield code="a">364 Seiten</marc:subfield>
   </marc:datafield>
</marc:record>
